Culture Générale - Série 2025 - Statistiques

Statistiques générales
  • Ce quiz a été pris 81 fois
  • Le résultat moyen est 2 sur 10
Statistiques - réponses
Question Réponse % Correct
Ville autonome espagnole sur la côte nord de l'Afrique ayant une frontière directe avec le Maroc Ceuta
60%
Elément chimique de numéro atomique 33, noté par le symbole As arsenic
52%
Maladie infectieuse caractérisée par une éruption cutanée et buccale typique, le plus souvent associée à une angine - 10 lettres commençant par " s " scarlatine
29%
Dans quel département français est située la ville de Pia ? Pyrénées-Orientales
26%
Quel nom féminin est synonyme de gaspillage, gâchis - 7 lettres commençant par " g " gabegie
19%
Sous quel nom connaissait-on mieux le chanteur français Jean-François Grandin (1941-2012) ? Frank Alamo
10%
Sous quel nom connait-on mieux la chanteuse Béatrice Adjorkor Anyankor ? Bibie
8%
Quel nom familier est donné à la petite alouette huppée ? lulu
5%
Quel fleuve côtier qui se jette dans la baie du Mont-Saint-Michel arrose Avranches ? Sée
5%
Quelle ville belge est associée à un pot légendaire et à l'empereur Charles Quint ? voir photo Olen
3%
Aucun quiz correspondant
Distribution des résultats
% des personnes avec chaque résultat
Percentile par nombre de réponses
Votre historique - résultats
Vous n’avez pas pris ce quiz